Famous sports images: guess the city - Statistics

General Stats
  • This quiz has been taken 32 times
  • The average score is 7 of 16
Answer Stats
Picture Answer % Correct
London
84%
Berlin
75%
Monaco
75%
Beijing
63%
Doha
63%
Los Angeles
50%
Kinshasa
44%
Mexico City
41%
Augusta
38%
Rio de Janeiro
31%
Sarajevo
25%
Moscow
22%
Sheffield
22%
Glendale
16%
Gothenburg
13%
Leeds
13%
No matching quizzes found
Score Distribution
Percent of People with Each Score
Percentile by Number Answered
Your Score History
You have not taken this quiz